Castle House Investments Ltd v Bradford MDC (Record no. 79737)
[ view plain ]
| 000 -LEADER | |
|---|---|
| fixed length control field | 01465cad a22002055a 4500 |
| 001 - CONTROL NUMBER | |
| control field | L142160 |
| 008 - FIXED-LENGTH DATA ELEMENTS--GENERAL INFORMATION | |
| fixed length control field | 080125e20070511xxkad f v 000 0 eng d |
| 035 ## - SYSTEM CONTROL NUMBER | |
| System control number | (Sirsi) u142160 |
| 041 0# - LANGUAGE CODE | |
| Language code of text/sound track or separate title | eng |
| 245 00 - TITLE STATEMENT | |
| Title | Castle House Investments Ltd v Bradford MDC |
| Medium | [electronic resource] |
| 260 ## - PUBLICATION, DISTRIBUTION, ETC. | |
| Date of publication, distribution, etc. | 2007 |
| 520 ## - SUMMARY, ETC. | |
| Summary, etc. | [2007] EWLands ACQ_6_2006. The case concerned how much compensation was due following a compulsory purchase of commercial property for which, Chartered Surveyors gave expert valuation evidence. A council compulsorily purchased of a block of retail and office/storage units in connection with a proposed city centre regeneration project. The court had to decide: the effect of the proposals on rental values; whether prospects and delays in implementing the impending scheme had impacted negatively on growth; the appropriate rental value in light of this; the yield rate to be applied to capitalise the net rents received and receivable; loss of rental income; appropriate compensation for empty rates; pre-reference costs. Figures provided. |
| 590 ## - LOCAL NOTE (RLIN) | |
| Local note | KA |
| 650 24 - SUBJECT ADDED ENTRY--TOPICAL TERM | |
| Topical term or geographic name entry element | CASTLE HOUSE INVESTMENTS LTD V BRADFORD MDC |
| 650 24 - SUBJECT ADDED ENTRY--TOPICAL TERM | |
| Topical term or geographic name entry element | LANDS TRIBUNAL ACT 1949 |
| 651 #4 - SUBJECT ADDED ENTRY--GEOGRAPHIC NAME | |
| Geographic name | England and Wales |
| Chronological subdivision | 1543- |
| 690 ## - LOCAL SUBJECT ADDED ENTRY--TOPICAL TERM (OCLC, RLIN) | |
| Topical term or geographic name as entry element | ENVIRONMENTAL AND LAND CONSULTANCY-PLANNING AND DEVELOPMENT-COMPULSORY PURCHASE AND COMPENSATION |
| 856 40 - ELECTRONIC LOCATION AND ACCESS | |
| Uniform Resource Identifier | <a href="https://www.bailii.org/ew/cases/EWLands/2007/ACQ_6_2006.html">https://www.bailii.org/ew/cases/EWLands/2007/ACQ_6_2006.html</a> |
| Public note | View the judgment free of charge at www.bailii.org... |
| 942 ## - ADDED ENTRY ELEMENTS (KOHA) | |
| Suppress in OPAC | 0 |
| Withdrawn status | Lost status | Source of classification or shelving scheme | Damaged status | Not for loan | Home library | Current library | Shelving location | Date acquired | Total Checkouts | Full call number | Barcode | Date last seen | Copy number | Price effective from | Koha item type |
|---|---|---|---|---|---|---|---|---|---|---|---|---|---|---|---|
| Dewey Decimal Classification | Virtual | Virtual | Online | 25/01/2008 | ONLINE PUBLICATION | 142160-2001 | 06/08/2019 | 1 | 06/08/2019 | Law report |